[Event "I Open"]
[Site "Senigallia ITA"]
[Date "1996.05.25"]
[Round "8"]
[White "Letter, Giovanni"]
[Black "Travaglini, Alberto"]
[Result "0-1"]
[WhiteElo "1600"]
[BlackElo "2123"]
[PlyCount "106"]
[EventDate "1996.05.19"]

1.b3 d5 2.Bb2 Bf5 3.e3 e6 4.Nf3 Nd7 5.Nc3 h6 6.Be2 Ngf6 7.d3 c6 8.Qd2 a5 
9.h3 Bh7 10.g4 Qb6 11.Na4 Qc7 12.Nc3 b5 13.a4 Bb4 14.Kf1 bxa4 15.bxa4 Rb8 
16.Kg2 e5 17.Ba3 Qd6 18.Bxb4 axb4 19.Na2 O-O 20.Nc1 c5 21.Nb3 e4 22.Nh4 
Qe6 23.Kf1 Ne8 24.a5 Nd6 25.Ng2 Nb5 26.Nf4 Qe5 27.dxe4 c4 28.Nd4 Bxe4 29.
f3 Bh7 30.Kf2 Nxd4 31.exd4 Qd6 32.Rhb1 f5 33.Ng2 fxg4 34.hxg4 Nf6 35.Kg1 
b3 36.Bd1 Qg3 37.Rb2 Nxg4 38.fxg4 c3 39.Rxb3 Rxb3 40.Qe3 Qxe3+ 41.Nxe3 Rb4
42.Nxd5 Rxd4 43.Nxc3 Rc4 44.Nd5 Be4 45.Nb6 Rc3 46.a6 Rg3+ 47.Kh2 Rg2+ 48.
Kh3 Rf1 49.Bf3 Rxf3+ 50.Kxg2 Ra3+ 51.Kf2 Rxa1 52.Nd7 Bxc2 53.Nc5 Ra5 0-1

[Event "I Open"]
[Site "Senigallia ITA"]
[Date "1996.05.25"]
[Round "8"]
[White "Luciani, Valerio"]
[Black "Miele, Rosario"]
[Result "1/2-1/2"]
[WhiteElo "2155"]
[BlackElo "1585"]
[PlyCount "130"]
[EventDate "1996.05.19"]

1.e4 e5 2.d4 exd4 3.f4 d6 4.Qxd4 Nc6 5.Qd1 Be7 6.c3 Nh6 7.Nf3 Bg4 8.Nbd2 
O-O 9.Bd3 Bh4+ 10.g3 Bf6 11.O-O Re8 12.Re1 Qd7 13.Bf1 Rad8 14.Bg2 Bh3 15.
Nf1 Bxg2 16.Kxg2 g6 17.Qc2 Kh8 18.Bd2 Bg7 19.Ne3 Ng4 20.Rad1 Nxe3+ 21.Bxe3
Qe7 22.Bf2 a6 23.Bd4 Nxd4 24.cxd4 h6 25.h4 Qe6 26.b3 Qg4 27.Rd2 Re7 28.
Red1 Red7 29.e5 dxe5 30.dxe5 Rxd2+ 31.Rxd2 Rd7 32.Qd1 Rxd2+ 33.Qxd2 Qc8 
34.h5 gxh5 35.Nh4 c5 36.Qd5 Qe6 37.Qxe6 fxe6 38.Kf3 Kg8 39.Ke4 Kf7 40.f5 
exf5+ 41.Nxf5 Bf8 42.Kd5 b5 43.Nd6+ Ke7 44.Nb7 c4 45.bxc4 bxc4 46.Kxc4 Ke6
47.Kd4 Be7 48.Ke4 a5 49.Nxa5 h4 50.gxh4 Bxh4 51.Nc6 Be1 52.Nd4+ Kd7 53.Kf5
h5 54.Nf3 Bf2 55.a4 h4 56.a5 h3 57.Kg4 h2 58.Nxh2 Kc6 59.Kf5 Kb5 60.e6 Bc5
61.Nf3 Kxa5 62.Ne5 Kb5 63.Kf6 Bb4 64.Kf7 Kb6 65.Ke8 Kc7 1/2-1/2

[Event "I Open"]
[Site "Senigallia ITA"]
[Date "1996.05.25"]
[Round "8"]
[White "Mircoli, Filippo"]
[Black "Pizzi, Mario"]
[Result "0-1"]
[WhiteElo "1600"]
[BlackElo "1800"]
[PlyCount "74"]
[EventDate "1996.05.19"]

1.e4 e5 2.Nf3 Nc6 3.Bb5 a6 4.Ba4 b5 5.Bb3 Be7 6.c3 Nf6 7.O-O O-O 8.Re1 d6 
9.h3 Na5 10.Bc2 Bb7 11.d3 Nd7 12.d4 exd4 13.cxd4 Bf6 14.b3 Re8 15.Bd2 c5 
16.Bc3 b4 17.Bb2 Nc6 18.Qd3 g6 19.Nbd2 cxd4 20.Bxd4 Nxd4 21.Nxd4 Rc8 22.
Rac1 Rc3 23.Qe2 Bxd4 24.Qd1 Qf6 25.Nf3 Bb6 26.Qd2 Rec8 27.Bd3 Ne5 28.Nxe5 
dxe5 29.Bc4 Rd8 30.Qb2 Bd4 31.Qe2 Qg5 32.Rxc3 bxc3 33.Qf3 Rd7 34.h4 Qxh4 
35.Qe2 Kg7 36.g3 Qxg3+ 37.Kh1 Bxf2 0-1

[Event "I Open"]
[Site "Senigallia ITA"]
[Date "1996.05.25"]
[Round "8"]
[White "Mrdja, Milan"]
[Black "Magalotti, Andrea"]
[Result "1-0"]
[WhiteElo "2450"]
[BlackElo "2085"]
[PlyCount "69"]
[EventDate "1996.05.19"]

1.e4 e5 2.Nf3 Nc6 3.Bb5 a6 4.Ba4 Nf6 5.O-O b5 6.Bb3 Be7 7.Re1 d6 8.c3 O-O 
9.h3 Re8 10.d4 Bb7 11.Nbd2 Bf8 12.a3 g6 13.Ba2 Bg7 14.b4 exd4 15.cxd4 d5 
16.e5 Ne4 17.Nxe4 dxe4 18.Ng5 Re7 19.Be3 Qc8 20.Rc1 Nd8 21.Qc2 Ne6 22.Nxe4
a5 23.d5 Nf8 24.f4 axb4 25.axb4 Qf5 26.Bb3 Ra3 27.g4 Qc8 28.Nc5 Qb8 29.
Nxb7 Qxb7 30.Qb2 Ra8 31.g5 Nd7 32.Qf2 Ra3 33.Rc3 Nb8 34.Bc5 Re8 35.d6 1-0

[Event "I Open"]
[Site "Senigallia ITA"]
[Date "1996.05.25"]
[Round "8"]
[White "Nurkic, Sahbaz"]
[Black "Vujovic, Milorad"]
[Result "1-0"]
[WhiteElo "2365"]
[BlackElo "2345"]
[PlyCount "91"]
[EventDate "1996.05.19"]

1.e4 c5 2.c3 d6 3.d4 Nf6 4.Bd3 a6 5.Nf3 Nc6 6.h3 Qc7 7.O-O e5 8.d5 Ne7 9.
a4 b6 10.Na3 Ng6 11.b4 Nh5 12.Re1 Nhf4 13.Bf1 Be7 14.a5 b5 15.c4 cxb4 16.
Nc2 bxc4 17.Nxb4 f5 18.Nd2 O-O 19.Nxc4 fxe4 20.Be3 Nh4 21.Nb6 Bxh3 22.Rc1 
Qb7 23.gxh3 Nf3+ 24.Kh1 Bd8 25.Rc3 Bxb6 26.Bxb6 Nxe1 27.Qxe1 Qf7 28.Qxe4 
Qh5 29.Rg3 Qd1 30.Rg1 Qa4 31.Kh2 Rf6 32.Rg3 Raf8 33.Kg1 Nh5 34.Rg5 Rf4 35.
Qg2 Qd1 36.Nd3 R4f7 37.Qg4 Rf3 38.Rxh5 Rxd3 39.Qe6+ Kh8 40.Qg6 Rg3+ 41.
Qxg3 Qxh5 42.Qg4 Qe8 43.Qe6 Qh5 44.Be3 Rd8 45.Bxa6 Re8 46.Be2 1-0

[Event "I Open"]
[Site "Senigallia ITA"]
[Date "1996.05.25"]
[Round "8"]
[White "Pantaleoni, Leone"]
[Black "Guglielmi, Giuseppe"]
[Result "1-0"]
[WhiteElo "1714"]
[BlackElo "1701"]
[PlyCount "103"]
[EventDate "1996.05.19"]

1.e4 c5 2.Nf3 e6 3.d4 cxd4 4.Nxd4 Nf6 5.Nc3 Bb4 6.Nb5 Nxe4 7.Qd4 Bxc3+ 8.
bxc3 Nf6 9.Nd6+ Kf8 10.Qc5 Na6 11.Bxa6 b6 12.Qa3 Bxa6 13.Qxa6 Qc7 14.Qa3 
Kg8 15.O-O h5 16.Bg5 h4 17.Bxf6 gxf6 18.h3 Qc6 19.Qb4 Rh5 20.Ne4 Kg7 21.
Qd4 e5 22.Qe3 f5 23.Qf3 Kh6 24.Nf6 Rg5 25.Qxc6 dxc6 26.Rad1 Rg6 27.Nd7 Re8
28.Rd2 e4 29.Rfd1 f4 30.Rd6 Rge6 31.Nf6 Kg5 32.Nxe8 Rxe8 33.Rxc6 e3 34.
fxe3 fxe3 35.Re1 f5 36.Kf1 Re4 37.Ke2 Kf4 38.Rf1+ Ke5 39.Rc7 Ra4 40.Re7+ 
Kf6 41.Rxe3 Rxa2 42.Kd3 Ra5 43.Rf4 Kg5 44.Rd4 Ra1 45.Re2 a5 46.Rd6 Rb1 47.
Ree6 b5 48.Ra6 a4 49.Reb6 Rd1+ 50.Ke3 Re1+ 51.Kf2 Re5 52.Kf3 1-0

[Event "I Open"]
[Site "Senigallia ITA"]
[Date "1996.05.25"]
[Round "8"]
[White "Perini, Gianna"]
[Black "Rotondi, Paolo"]
[Result "0-1"]
[WhiteElo "1537"]
[BlackElo "1591"]
[PlyCount "112"]
[EventDate "1996.05.19"]

1.d4 Nf6 2.c4 e6 3.Nc3 Bb4 4.Bd2 c5 5.a3 cxd4 6.axb4 dxc3 7.bxc3 Qc7 8.e3 
b6 9.Bd3 Bb7 10.Nf3 Nc6 11.h3 O-O 12.O-O Ne5 13.Nxe5 Qxe5 14.f3 Rfd8 15.
Qc2 h6 16.Rad1 Rac8 17.f4 Qc7 18.e4 Qc6 19.Rfe1 d5 20.cxd5 exd5 21.b5 Qc5+
22.Kh2 dxe4 23.Bf1 Re8 24.c4 e3 25.Bc3 Be4 26.Qe2 Qf5 27.Be5 Nd7 28.Qxe3 
Bc2 29.Bd3 Bxd3 30.Qxd3 Qxd3 31.Rxd3 Nxe5 32.fxe5 Rxc4 33.Ra1 Rxe5 34.Rxa7
Rxb5 35.Rdd7 Rf4 36.Rab7 Rb2 37.Rd3 Rff2 38.Rg3 b5 39.Rd7 b4 40.Rdd3 Rb1 
41.Rb3 Rxb3 42.Rxb3 Rf4 43.Kg3 g5 44.h4 f6 45.Kh3 Kf7 46.g3 Rd4 47.hxg5 
hxg5 48.Kg2 Ke6 49.Kf3 Kd5 50.Ke3 Rg4 51.Kf3 Rc4 52.Ke2 Kc5 53.Kd3 Rg4 54.
Ke2 Kc4 55.Rf3 b3 56.Rxf6 Rxg3 0-1

[Event "I Open"]
[Site "Senigallia ITA"]
[Date "1996.05.25"]
[Round "8"]
[White "Tortarolo, Massimiliano"]
[Black "Stantic, Severino"]
[Result "1-0"]
[WhiteElo "2235"]
[BlackElo "2030"]
[PlyCount "84"]
[EventDate "1996.05.19"]

1.e4 Nc6 2.Nf3 d5 3.exd5 Qxd5 4.d4 Bg4 5.Nc3 Qd8 6.d5 Nb8 7.h3 Bf5 8.Bf4 
a6 9.g4 Bg6 10.Ne5 Nd7 11.Nxg6 hxg6 12.Bg2 Nb6 13.Qe2 Qd7 14.g5 O-O-O 15.
Bf3 Kb8 16.Bg4 Qe8 17.Qe5 Na8 18.O-O-O f6 19.Qe2 f5 20.Bf3 Nb6 21.Qe6 Nc4 
22.Bg2 Nd6 23.Rhe1 b5 24.Ne2 Qd7 25.Qe3 Kb7 26.Nd4 Ra8 27.Ne6 Qc8 28.Qc5 
Rh4 29.Rd3 Kb8 30.Rc3 Ra7 31.Qc6 b4 32.Rc5 Rxf4 33.Nxf4 e5 34.dxe6 Ne7 35.
Qa4 Nb7 36.Rc4 c5 37.Rd1 Qc7 38.Rd7 Qe5 39.Bxb7 Rxb7 40.Rxb7+ Kxb7 41.Qd7+
Kb6 42.Nd3 Qe2 1-0

[Event "I Open"]
[Site "Senigallia ITA"]
[Date "1996.05.25"]
[Round "8"]
[White "Trovato, Alessio"]
[Black "Fico, Massimiliano"]
[Result "1/2-1/2"]
[WhiteElo "1633"]
[BlackElo "2315"]
[PlyCount "93"]
[EventDate "1996.05.19"]

1.f4 d5 2.d4 Nf6 3.Nf3 e6 4.e3 c5 5.Be2 Be7 6.O-O O-O 7.b3 Nc6 8.Ne5 Nxe5 
9.fxe5 Ne4 10.Bd3 f5 11.Bd2 b5 12.c3 Qb6 13.a4 Bd7 14.a5 Qc7 15.b4 cxb4 
16.cxb4 Rac8 17.Na3 a6 18.Rc1 Qa7 19.Qe2 Bg5 20.Bxe4 dxe4 21.Rxc8 Rxc8 22.
Rc1 Rxc1+ 23.Bxc1 Be7 24.Bd2 Qb7 25.Qd1 Qd5 26.g3 g5 27.Qc2 f4 28.Qc3 f3 
29.Qc2 g4 30.Bc3 h5 31.Be1 Kf7 32.Nb1 Bc6 33.Na3 Kg6 34.Nb1 Kf5 35.Na3 Qd7
36.Nb1 Bd5 37.Na3 Qc6 38.Qxc6 Bxc6 39.Kf2 Bd5 40.Bc3 Kg6 41.Be1 Ba2 42.Bc3
Kf7 43.Be1 Ke8 44.Bc3 Kd7 45.Bd2 Kc6 46.Bc3 Kd5 47.Bd2 1/2-1/2

[Event "I Open"]
[Site "Senigallia ITA"]
[Date "1996.05.26"]
[Round "9"]
[White "Amaranto, Luca"]
[Black "Perini, Gianna"]
[Result "1-0"]
[WhiteElo "1813"]
[BlackElo "1537"]
[PlyCount "79"]
[EventDate "1996.05.19"]

1.e4 c5 2.d4 cxd4 3.c3 dxc3 4.Nxc3 Nc6 5.Nf3 d6 6.Bc4 Nf6 7.e5 dxe5 8.
Qxd8+ Nxd8 9.Nb5 Rb8 10.Nxe5 e6 11.Nc7+ Ke7 12.O-O Nc6 13.Nxc6+ bxc6 14.
Rd1 Rb7 15.Bf4 Bd7 16.Na6 h6 17.Nc5 Rxb2 18.Bb3 Nd5 19.Bc1 Re2 20.Kf1 Re5 
21.Bb2 Rh5 22.h3 f5 23.Nxd7 Kxd7 24.Rac1 Bd6 25.Ba4 Rc8 26.Bxg7 f4 27.Rd3 
Nb4 28.Rdc3 Ra5 29.Bb3 h5 30.Re1 e5 31.Bd1 Rxa2 32.Bxh5 Kc7 33.Bxe5 Nc2 
34.Bxd6+ Kxd6 35.Rc1 Nd4 36.Bg4 Re8 37.Rc4 Nb3 38.Rxc6+ Ke7 39.Re1+ Kf7 
40.Bh5+ 1-0

[Event "I Open"]
[Site "Senigallia ITA"]
[Date "1996.05.26"]
[Round "9"]
[White "Cetkovic, Sergio"]
[Black "Mrdja, Milan"]
[Result "1/2-1/2"]
[WhiteElo "1815"]
[BlackElo "2450"]
[PlyCount "84"]
[EventDate "1996.05.19"]

1.e4 c5 2.c3 Nf6 3.e5 Nd5 4.d4 cxd4 5.Nf3 e6 6.cxd4 d6 7.Be2 Nc6 8.exd6 
Bxd6 9.O-O O-O 10.Nc3 Nxc3 11.bxc3 Qc7 12.c4 b6 13.Be3 Bb7 14.Rc1 Rfd8 15.
Qa4 h6 16.h3 Bf8 17.Rfd1 Ne7 18.Ne5 Nf5 19.Bf3 Bxf3 20.Nxf3 Rac8 21.Qb3 
Be7 22.Kh1 Bd6 23.Kg1 Kh8 24.Kh1 Kh7 25.Qd3 Kg8 26.Qb3 Rd7 27.Kg1 Rdd8 28.
Kh1 Kh8 29.Kg1 Kg8 30.Kh1 Kf8 31.Kg1 Kg8 32.Kh1 Qe7 33.Kg1 Kh8 34.Kh1 Kh7 
35.Kg1 Kg8 36.Qd3 Qc7 37.Qb3 Be7 38.Kh1 Bd6 39.Kg1 Kf8 40.Kh1 Kg8 41.Kg1 
Kh8 42.Kh1 Kg8 1/2-1/2

[Event "I Open"]
[Site "Senigallia ITA"]
[Date "1996.05.26"]
[Round "9"]
[White "Djuric, Stefan"]
[Black "Efimov, Igor"]
[Result "0-1"]
[WhiteElo "2515"]
[BlackElo "2455"]
[PlyCount "80"]
[EventDate "1996.05.19"]

1.e4 c5 2.g3 d5 3.exd5 Qxd5 4.Nf3 Bg4 5.Bg2 Qe6+ 6.Kf1 Nc6 7.h3 Bh5 8.Nc3 
Qd7 9.d3 Nf6 10.Bg5 Rd8 11.Qe1 Bxf3 12.Bxf3 Nd4 13.Bd1 e6 14.Bxf6 gxf6 15.
Kg2 f5 16.Qe3 Rg8 17.a4 Bd6 18.Nd5 Qc6 19.Bf3 Nxf3 20.Nf6+ Kf8 21.Qxf3 Rg6
22.Qxc6 bxc6 23.Nh5 Rg5 24.g4 fxg4 25.hxg4 Rxg4+ 26.Kf3 Rg6 27.Rae1 Bc7 
28.b3 Rd5 29.Re4 Rf5+ 30.Ke3 Rg2 31.f4 Rxc2 32.Rc4 Rb2 33.Ng3 Rd5 34.Ne4 
Rxb3 35.Rxh7 Rdxd3+ 36.Ke2 Bxf4 37.Rh8+ Kg7 38.Ra8 Re3+ 39.Kd1 Rb1+ 40.Kc2
Rc1+ 0-1

[Event "I Open"]
[Site "Senigallia ITA"]
[Date "1996.05.26"]
[Round "9"]
[White "Drasko, Milan"]
[Black "Skembris, Spyridon"]
[Result "0-1"]
[WhiteElo "2505"]
[BlackElo "2505"]
[PlyCount "78"]
[EventDate "1996.05.19"]

1.d4 Nf6 2.c4 e6 3.Nc3 Bb4 4.e3 c5 5.Nf3 O-O 6.Bd3 d5 7.O-O cxd4 8.exd4 
dxc4 9.Bxc4 Nbd7 10.Qb3 Be7 11.Rd1 Nb6 12.Be2 Bd7 13.Ne5 Bc6 14.Be3 Nfd5 
15.Nxc6 bxc6 16.Bf3 Rb8 17.Ne4 Nxe3 18.Qxe3 Nd5 19.Qe2 Qb6 20.Rac1 Qxb2 
21.Rxc6 Qxe2 22.Bxe2 Rfd8 23.g3 h6 24.Bc4 Nb6 25.Ba6 Rd7 26.Nc5 Bxc5 27.
Rxc5 Rbd8 28.Ra5 Rxd4 29.Rc1 Rd1+ 30.Rxd1 Rxd1+ 31.Kg2 Rd7 32.h4 Kf8 33.
Bb5 Rc7 34.Ra6 Ke7 35.a4 Nd5 36.Rc6 Rxc6 37.Bxc6 Nb4 38.Bb7 Kd6 39.a5 Kc7 
0-1

[Event "I Open"]
[Site "Senigallia ITA"]
[Date "1996.05.26"]
[Round "9"]
[White "Fico, Massimiliano"]
[Black "Giacometti, Franco"]
[Result "0-1"]
[WhiteElo "2315"]
[BlackElo "1953"]
[PlyCount "116"]
[EventDate "1996.05.19"]

1.e4 c5 2.c3 g6 3.d4 cxd4 4.cxd4 d6 5.Nc3 Nf6 6.h3 Bg7 7.Nf3 O-O 8.Bd3 
Nbd7 9.O-O e5 10.dxe5 Nxe5 11.Nxe5 dxe5 12.Bc4 Qb6 13.Qb3 Qxb3 14.Bxb3 Bd7
15.Be3 Bc6 16.f3 Rfd8 17.Rfd1 Bf8 18.Rxd8 Rxd8 19.Rd1 Rxd1+ 20.Nxd1 a6 21.
Nf2 Nd7 22.Nd1 Bc5 23.Kf2 Kf8 24.Nc3 Ke7 25.Bd5 Bxe3+ 26.Kxe3 Nb8 27.g3 f6
28.Bxc6 Nxc6 29.Nd5+ Ke6 30.Nc7+ Kd7 31.Nd5 Ke6 32.Nc7+ Kf7 33.Nd5 h5 34.
h4 g5 35.Nc3 Ke6 36.Nd5 Nd4 37.Nc7+ Kf7 38.Nd5 gxh4 39.gxh4 Ne6 40.a3 Nf8 
41.Kf2 Ng6 42.Kg3 Ke6 43.Nc7+ Kd6 44.Nd5 Ke6 45.Nc7+ Kf7 46.Nd5 Ne7 47.f4 
Nxd5 48.exd5 Ke7 49.fxe5 fxe5 50.Kf3 Kd7 51.Ke3 Ke7 52.Kd3 Kd7 53.b4 Kd6 
54.Ke4 b5 55.Kf5 Kxd5 56.Kg5 e4 57.Kxh5 e3 58.Kg6 e2 0-1

[Event "I Open"]
[Site "Senigallia ITA"]
[Date "1996.05.26"]
[Round "9"]
[White "Lagrotteria, Salvatore"]
[Black "Brumat, Giorgio"]
[Result "1-0"]
[WhiteElo "2150"]
[BlackElo "1828"]
[PlyCount "63"]
[EventDate "1996.05.19"]

1.Nf3 d5 2.g3 c6 3.Bg2 Bg4 4.d4 e6 5.O-O Bd6 6.Nbd2 Nd7 7.c4 Ngf6 8.a3 b5 
9.c5 Bc7 10.b4 a5 11.Bb2 O-O 12.Ne5 Nxe5 13.dxe5 Nd7 14.h3 Bh5 15.g4 Bg6 
16.f4 f6 17.f5 exf5 18.gxf5 Bh5 19.e6 Ne5 20.Qe1 g6 21.Bf3 Bxf3 22.exf3 
Qe7 23.Qe2 gxf5 24.Nb3 Kh8 25.Nd4 Rg8+ 26.Kf2 f4 27.Rg1 Rxg1 28.Kxg1 Rg8+ 
29.Kh1 Qg7 30.Nf5 Qg5 31.Nd6 Qf5 32.Nxf5 1-0

[Event "I Open"]
[Site "Senigallia ITA"]
[Date "1996.05.26"]
[Round "9"]
[White "Letter, Giovanni"]
[Black "Mircoli, Filippo"]
[Result "1-0"]
[WhiteElo "1600"]
[BlackElo "1600"]
[PlyCount "89"]
[EventDate "1996.05.19"]

1.b3 e5 2.Bb2 Nc6 3.e3 Nf6 4.Bb5 d6 5.Bxc6+ bxc6 6.d3 Be7 7.Nd2 O-O 8.Ngf3
Re8 9.Qe2 Bg4 10.h3 Be6 11.g4 Nd5 12.O-O-O a5 13.a4 f6 14.Rdg1 Nb4 15.Nh4 
d5 16.Nf5 c5 17.Nxe7+ Qxe7 18.h4 d4 19.Kb1 Rf8 20.e4 Rad8 21.Rg3 c4 22.
dxc4 Qd7 23.c3 d3 24.Qd1 Na6 25.Ba3 c5 26.Re1 Rb8 27.Bb2 Rb6 28.Ree3 Rd6 
29.Qf3 Rd8 30.g5 f5 31.exf5 Bxf5 32.Rxe5 Be6 33.Qe4 Rf8 34.Rf3 Rxf3 35.
Qxf3 Bg4 36.Qe4 Bh5 37.Rd5 Rxd5 38.Qxd5+ Qxd5 39.cxd5 Kf8 40.Kc1 Ke7 41.
Nc4 Nb8 42.Nxa5 Kd6 43.c4 g6 44.Nb7+ Kc7 45.Nxc5 1-0

[Event "I Open"]
[Site "Senigallia ITA"]
[Date "1996.05.26"]
[Round "9"]
[White "Magalotti, Andrea"]
[Black "Miele, Rosario"]
[Result "1-0"]
[WhiteElo "2085"]
[BlackElo "1585"]
[PlyCount "59"]
[EventDate "1996.05.19"]

1.e4 e5 2.Nf3 Nc6 3.Bb5 a6 4.Ba4 Nf6 5.O-O b5 6.Bb3 Be7 7.Re1 O-O 8.c3 d5 
9.exd5 e4 10.dxc6 exf3 11.d4 Re8 12.Qxf3 Bg4 13.Qd3 Bd6 14.Be3 Ne4 15.g3 
Qf6 16.Nd2 Bf5 17.Nxe4 Bxe4 18.Qe2 Bf3 19.Qf1 Re6 20.d5 Re5 21.Bd4 Rxe1 
22.Rxe1 Qf5 23.c4 h5 24.c5 Bf8 25.Re5 Qg6 26.Re3 Qg4 27.Qd3 h4 28.Rxf3 Re8
29.Re3 hxg3 30.hxg3 1-0

[Event "I Open"]
[Site "Senigallia ITA"]
[Date "1996.05.26"]
[Round "9"]
[White "Nurkic, Sahbaz"]
[Black "Komarov, Dimitri"]
[Result "0-1"]
[WhiteElo "2365"]
[BlackElo "2530"]
[PlyCount "36"]
[EventDate "1996.05.19"]

1.e4 c5 2.Nf3 Nc6 3.Bb5 e6 4.O-O Nge7 5.b3 Ng6 6.Bb2 f6 7.c3 a6 8.Bxc6 
bxc6 9.d4 d5 10.Nbd2 Be7 11.Rc1 O-O 12.c4 Nf4 13.Ba3 cxd4 14.Bxe7 Qxe7 15.
Nxd4 Bd7 16.Qf3 e5 17.cxd5 cxd5 18.Rc7 Qd6 0-1

[Event "I Open"]
[Site "Senigallia ITA"]
[Date "1996.05.26"]
[Round "9"]
[White "Ortega, Lexy"]
[Black "Tortarolo, Massimiliano"]
[Result "1/2-1/2"]
[WhiteElo "2490"]
[BlackElo "2235"]
[PlyCount "84"]
[EventDate "1996.05.19"]

1.d4 Nf6 2.Nf3 g6 3.c4 Bg7 4.g3 c6 5.Bg2 O-O 6.Nc3 d5 7.cxd5 cxd5 8.Ne5 e6
9.O-O Nfd7 10.f4 Nc6 11.Kh1 f6 12.Nf3 f5 13.b3 Qa5 14.Qd2 Nf6 15.Ne5 Qa6 
16.Nxc6 Qxc6 17.Ba3 Rf7 18.Rfc1 Qe8 19.Bd6 Bd7 20.a4 Bf8 21.Bxf8 Qxf8 22.
Nd1 Bc6 23.Nb2 Rc7 24.Nd3 Qd6 25.Ra2 Rac8 26.Rac2 b6 27.Qb4 Qd8 28.Bf3 Bb7
29.Rxc7 Rxc7 30.Rxc7 Qxc7 31.Kg2 Ne8 32.g4 Nd6 33.g5 Ba6 34.Ne5 Nf7 35.
Nxf7 Kxf7 36.Qd2 Bc8 37.h4 a5 38.h5 Ba6 39.Kg3 Qc8 40.Qe3 Qh8 41.Qc1 Qc8 
42.Qh1 Kg8 1/2-1/2

[Event "I Open"]
[Site "Senigallia ITA"]
[Date "1996.05.26"]
[Round "9"]
[White "Palmizi, Alessandro"]
[Black "Antoniacci, Riccardo"]
[Result "0-1"]
[WhiteElo "1600"]
[BlackElo "1525"]
[PlyCount "70"]
[EventDate "1996.05.19"]

1.e4 c5 2.d4 cxd4 3.c3 dxc3 4.Nxc3 Nc6 5.Nf3 g6 6.Bf4 Bg7 7.Rc1 d6 8.Bc4 
Nf6 9.e5 Nh5 10.Be3 Nxe5 11.Nxe5 Bxe5 12.h3 O-O 13.O-O Be6 14.Qb3 Bxc4 15.
Qxc4 Rc8 16.Qb3 b6 17.Nd5 Qd7 18.Bxb6 e6 19.Bxa7 Qxa7 20.Nc3 Bxc3 21.Rxc3 
Rxc3 22.bxc3 d5 23.Rb1 Rc8 24.a4 Nf6 25.Rb2 Ne4 26.Rc2 Rc4 27.a5 Qxa5 28.
Ra2 Qxc3 29.Ra8+ Kg7 30.Qb6 Qe1+ 31.Kh2 Qxf2 32.Qxf2 Nxf2 33.Ra2 Nd3 34.
Rd2 Rd4 35.Kg3 e5 0-1

[Event "I Open"]
[Site "Senigallia ITA"]
[Date "1996.05.26"]
[Round "9"]
[White "Pierbattisti, Giorgio"]
[Black "Bussoli, Sauro"]
[Result "1-0"]
[WhiteElo "1654"]
[BlackElo "1672"]
[PlyCount "123"]
[EventDate "1996.05.19"]

1.d4 d5 2.c4 e6 3.Nc3 c6 4.Nf3 a6 5.Bf4 Nf6 6.e3 Nbd7 7.cxd5 exd5 8.Bd3 
Be7 9.O-O O-O 10.Qc2 Re8 11.Rab1 Nf8 12.b4 Nh5 13.Bg3 Nxg3 14.hxg3 f6 15.
a4 Be6 16.b5 cxb5 17.axb5 a5 18.b6 Bb4 19.Na4 Rc8 20.Qb3 Qd6 21.Bb5 Bd7 
22.Qd3 Bxb5 23.Qxb5 Qc6 24.Qxc6 Rxc6 25.Ne1 Nd7 26.Nd3 Nxb6 27.Nxb4 axb4 
28.Nc5 Nc4 29.Rxb4 b6 30.Na4 f5 31.Rfb1 Ree6 32.Rc1 Kf7 33.Rb5 Red6 34.Rc3
Ke6 35.Kf1 Nd2+ 36.Ke2 Rxc3 37.Nxc3 Nc4 38.Kd3 h5 39.Nxd5 Rxd5 40.Kxc4 Rd6
41.Re5+ Kf6 42.Kb5 g6 43.Re8 g5 44.Rb8 Rd5+ 45.Kxb6 f4 46.Kc6 Ra5 47.exf4 
g4 48.Rb5 Ra6+ 49.Rb6 Ra2 50.d5 Rxf2 51.Kc7+ Kf5 52.d6 h4 53.d7 hxg3 54.
d8=Q Kxf4 55.Rf6+ Ke3 56.Qe7+ Kd2 57.Rd6+ Kc2 58.Qe4+ Kb2 59.Rb6+ Kc3 60.
Rc6+ Kd2 61.Rc2+ Kd1 62.Qd3+ 1-0

[Event "I Open"]
[Site "Senigallia ITA"]
[Date "1996.05.26"]
[Round "9"]
[White "Pizzi, Mario"]
[Black "Briffault, Philippe"]
[Result "0-1"]
[WhiteElo "1800"]
[BlackElo "1678"]
[PlyCount "90"]
[EventDate "1996.05.19"]

1.d4 Nf6 2.e3 d5 3.f4 e6 4.Bd3 Be7 5.Nf3 c5 6.c3 O-O 7.O-O b6 8.Bd2 Bb7 9.
Be1 Nbd7 10.Nbd2 Ne4 11.Ne5 f6 12.Nxd7 Qxd7 13.Rf3 e5 14.f5 Nd6 15.Rh3 e4 
16.Be2 Nxf5 17.Bg4 g6 18.Nf1 Bc8 19.Ng3 Nxe3 20.Bxd7 Nxd1 21.Bxc8 Raxc8 
22.Rxd1 cxd4 23.cxd4 f5 24.Bc3 f4 25.Nf1 g5 26.Rh6 Bf6 27.g3 Kg7 28.Rh5 
Kg6 29.g4 e3 30.Re1 Rfe8 31.h3 Re4 32.Nh2 h6 33.Nf3 Rc4 34.h4 b5 35.a3 a5 
36.hxg5 hxg5 37.Bxa5 Rc2 38.Bc3 Rf2 39.Rf1 Rxf3 40.Rxf3 Bxd4 41.Kf1 Bxc3 
42.bxc3 Rc4 43.Rfh3 Kf6 44.Rh8 Rxc3 45.Re8 e2+ 0-1

[Event "I Open"]
[Site "Senigallia ITA"]
[Date "1996.05.26"]
[Round "9"]
[White "Rotondi, Paolo"]
[Black "Pantaleoni, Leone"]
[Result "1/2-1/2"]
[WhiteElo "1591"]
[BlackElo "1714"]
[PlyCount "75"]
[EventDate "1996.05.19"]

1.c4 Nf6 2.Nc3 c5 3.g3 g6 4.Bg2 Bg7 5.Nf3 Nc6 6.O-O O-O 7.a3 a6 8.d3 d6 9.
Bd2 Bd7 10.Rb1 Rb8 11.b4 Qc7 12.bxc5 dxc5 13.Bf4 e5 14.Bg5 Be6 15.Bxf6 
Bxf6 16.Ne4 Be7 17.Qd2 Kg7 18.h4 h6 19.Nh2 f5 20.Nc3 Bf6 21.Nd5 Bxd5 22.
Bxd5 Ne7 23.Bg2 Rfd8 24.Rb3 e4 25.Rfb1 b6 26.Qc2 exd3 27.exd3 Nc6 28.Nf3 
Nd4 29.Nxd4 Bxd4 30.a4 Qxg3 31.Rxb6 Rxb6 32.Rxb6 Qxh4 33.Rb7+ Kf8 34.Qe2 
Re8 35.Qf3 Re1+ 36.Bf1 Qg5+ 37.Kh2 Be5+ 38.Kh3 1/2-1/2

[Event "I Open"]
[Site "Senigallia ITA"]
[Date "1996.05.26"]
[Round "9"]
[White "Sebastianelli, Dario"]
[Black "Trovato, Alessio"]
[Result "0-1"]
[WhiteElo "1768"]
[BlackElo "1633"]
[PlyCount "84"]
[EventDate "1996.05.19"]

1.e4 e6 2.d4 d5 3.Nc3 Bb4 4.e5 c5 5.a3 Bxc3+ 6.bxc3 Ne7 7.Nf3 Nbc6 8.a4 
Bd7 9.Be2 Qc7 10.O-O f6 11.Re1 fxe5 12.dxe5 O-O-O 13.Ba3 b6 14.Bxc5 bxc5 
15.Ba6+ Kb8 16.Rb1+ Ka8 17.Bb7+ Qxb7 18.Rxb7 Kxb7 19.c4 Na5 20.cxd5 Nxd5 
21.Qd2 Nc6 22.Ng5 Rhf8 23.Ne4 Bc8 24.Nxc5+ Kc7 25.Qg5 g6 26.Qh4 Rf7 27.Qh3
Nf4 28.Qe3 Rd5 29.Qc3 Rd1 30.Kf1 Rxe1+ 31.Qxe1 Rf5 32.g3 Rxe5 33.Qc3 Nd5 
34.Qb2 Ne3+ 35.fxe3 Rxc5 36.Qg7+ Bd7 37.Qxh7 Rxc2 38.h4 Ne5 39.Qg7 Rc5 40.
Qe7 Ra5 41.Qb4 Rxa4 42.Qc3+ Kd6 0-1

[Event "I Open"]
[Site "Senigallia ITA"]
[Date "1996.05.26"]
[Round "9"]
[White "Stantic, Severino"]
[Black "Barbieri, Giovanni"]
[Result "0-1"]
[WhiteElo "2030"]
[BlackElo "2155"]
[PlyCount "66"]
[EventDate "1996.05.19"]

1.Nf3 Nf6 2.b3 d6 3.d4 g6 4.Bb2 Bg7 5.Nbd2 Nbd7 6.g3 O-O 7.Bg2 c6 8.O-O 
Re8 9.Ng5 d5 10.c4 e6 11.e4 h6 12.Nh3 dxe4 13.Nxe4 Nxe4 14.Bxe4 e5 15.Bg2 
e4 16.Nf4 Nf6 17.Re1 Bg4 18.Qc2 Bf5 19.Qd2 Qc7 20.h3 h5 21.Bc1 Rad8 22.Ne2
Qc8 23.Kh2 h4 24.Qc3 hxg3+ 25.fxg3 c5 26.Be3 Bg4 27.Rad1 Bxe2 28.Rxe2 Nh5 
29.g4 Qc7+ 30.Kg1 Ng3 31.Rf2 cxd4 32.Rxd4 Bxd4 33.Bxd4 e3 0-1

[Event "I Open"]
[Site "Senigallia ITA"]
[Date "1996.05.26"]
[Round "9"]
[White "Travaglini, Alberto"]
[Black "Luciani, Valerio"]
[Result "0-1"]
[WhiteElo "2123"]
[BlackElo "2155"]
[PlyCount "87"]
[EventDate "1996.05.19"]

1.d4 f5 2.Nf3 Nf6 3.Bf4 g6 4.e3 Bg7 5.h3 O-O 6.Nbd2 d6 7.c3 Qe8 8.Bc4+ Kh8
9.Bh2 Nc6 10.O-O e5 11.dxe5 Nxe5 12.Nxe5 dxe5 13.Nf3 Nd7 14.a4 Nb6 15.Be2 
a5 16.Bb5 c6 17.Be2 Nd5 18.Qb3 f4 19.Bc4 e4 20.Bxd5 cxd5 21.Nd4 f3 22.g4 
Bxg4 23.hxg4 Qd7 24.Kh1 Qxg4 25.Rg1 Qh4 26.Rg3 Bxd4 27.cxd4 Rf5 28.Qd1 Rh5
29.Qg1 Rc8 30.Rg4 Qe7 31.Qg3 Rc2 32.Kg1 Qd7 33.Rh4 Qc8 34.Kh1 Rc1+ 35.Rxc1
Qxc1+ 36.Bg1 Rxh4+ 37.Qxh4 Qf1 38.Qg3 Kg7 39.Kh2 h5 40.Qh3 Qc4 41.Qe6 Qf1 
42.Qh3 Qc4 43.Qe6 Qf1 44.Kh1 0-1

[Event "I Open"]
[Site "Senigallia ITA"]
[Date "1996.05.26"]
[Round "9"]
[White "Vujovic, Milorad"]
[Black "Drei, Andrea"]
[Result "1-0"]
[WhiteElo "2345"]
[BlackElo "2325"]
[PlyCount "137"]
[EventDate "1996.05.19"]

1.e4 c5 2.Nf3 e6 3.Nc3 a6 4.a4 Nc6 5.g3 Qc7 6.Bg2 Nf6 7.O-O Be7 8.Re1 d6 
9.d4 cxd4 10.Nxd4 Bd7 11.Bg5 O-O 12.Nb3 b6 13.h3 Rac8 14.Qe2 Nb4 15.Rad1 
Rfd8 16.Rd4 Nc6 17.Rdd1 Nb4 18.Rd2 h6 19.Bf4 e5 20.Be3 Qb7 21.a5 bxa5 22.
Nxa5 Qc7 23.Ra1 Rb8 24.f4 Rdc8 25.Qf2 Nc6 26.Nc4 Nb4 27.Nb6 Rd8 28.Ra3 
exf4 29.gxf4 d5 30.exd5 Bf5 31.Rb3 Bd6 32.Nca4 Re8 33.Rc3 Qd8 34.Nc4 Ne4 
35.Bxe4 Bxe4 36.Nxd6 Qxd6 37.Bc5 Qg6+ 38.Rg3 Qf5 39.Qd4 g6 40.Bxb4 Qxf4 
41.Rgg2 Rxb4 42.Qxb4 Qe3+ 43.Kh2 Qf4+ 44.Kg1 Qe3+ 45.Rdf2 Qc1+ 46.Kh2 Bxg2
47.Kxg2 Qg5+ 48.Kh2 Qxd5 49.Nc3 Qd7 50.Qf4 Re1 51.Ne4 Qb7 52.Ng3 h5 53.b3 
Qe7 54.Rg2 Kh7 55.h4 Re5 56.c4 Re3 57.b4 Qe6 58.c5 Rc3 59.Re2 Rc4 60.Rxe6 
Rxf4 61.Re4 Rf2+ 62.Kg1 Rc2 63.Nf1 f6 64.Ne3 Rc1+ 65.Kg2 Kg7 66.Nc4 f5 67.
Rd4 Re1 68.c6 Re6 69.Nd6 1-0